| 000 | 00749nam a2200241Ia 4500 | ||
|---|---|---|---|
| 008 | 170203s9999 xx 000 0 und d | ||
| 020 | _a385493231 | ||
| 050 | _a370 | ||
| 050 | _b.Sc474 2000 | ||
| 100 | _aSenge, Peter M. [et al.]. | ||
| 245 | _aSchools that learn : | ||
| 245 | _ba fifth discipline fieldbook for educators, parents, and everyone who cares about education / | ||
| 245 | _cPeter Senge .. [et al.]. | ||
| 250 | _a1st Currency pbk. Edition | ||
| 260 | _aNew York : | ||
| 260 | _bDoubleday, | ||
| 260 | _c2000 | ||
| 300 | _a592 pages ; | ||
| 300 | _c23 cm | ||
| 500 | _a"A Fifth discipline resource." | ||
| 650 | _a Organizational learning -- United States. | ||
| 650 | _aOrganizational learning -- United States. | ||
| 999 |
_c305430 _d305430 |
||